000 00386nam a22001577a 4500
020 _a978-81-264-2682-9
082 _a894.812
_bRAF/B
100 _aRAJARAJAVARMMA, A.R
245 _aBHASHABHOOSHANAM
246 _aBHASHABHOOSHANAM
_bBHASHABHOOSHANAM
260 _aKOTTAYAM
_bDC BOOKS
_c2022
300 _a172
520 _aMALAYALAM GRAMMAR
650 _aMALAYALAM GRAMMAR
942 _cBK
999 _c6793
_d6793